| 000 | 00594cam a22002291 4500 | ||
|---|---|---|---|
| 001 | ne 66000682 | ||
| 003 | DLC | ||
| 005 | 20260227111822.0 | ||
| 008 | 881028s1964 xx 000 0bara | ||
| 010 | _ane 66000682 | ||
| 035 | _a(OCoLC)23507640 | ||
| 040 |
_aDLC _cMiU _dDLC |
||
| 042 | _apremarc | ||
| 050 | 0 | 0 |
_aPJ7864.U693 _bZ85 |
| 100 | 1 | _aSharārah, ʻAbd al-Laṭīf | |
| 245 | 1 | 0 | _aIbrāhīm Ṭūqān. |
| 260 | _c1964. | ||
| 300 |
_a229 p. _c20 cm. |
||
| 500 | _aRomanized. | ||
| 600 | 1 | 0 |
_aTūqān, Ibrāhīm ʻAbd al-Fattāḥ, _d1905-1941. |
| 830 | 0 |
_aShuʻarā ʻunā ; _v9. |
|
| 999 |
_c48787 _d48787 |
||